Welcome to the Holygrace Academy Library

Please use search bar below to get started

CONCEPTUAL CHEMISRTY (Record no. 545)

MARC details
000 -LEADER
fixed length control field 00315nam a22001217a 4500
020 ## - INTERNATIONAL STANDARD BOOK NUMBER
ISBN 81-219-2769-2
082 ## - DEWEY DECIMAL CLASSIFICATION NUMBER
Classification number 540
Item number JAI/C
100 ## - MAIN ENTRY--AUTHOR NAME
Personal name S.K.JAIN, SHAILESH K.JAIN
245 ## - TITLE STATEMENT
Title CONCEPTUAL CHEMISRTY
Remainder of title FOR CLASS XI - VOL 1
260 ## - PUBLICATION, DISTRIBUTION, ETC. (IMPRINT)
Place of publication DELHI
Name of publisher S.CHAND & COMPANY
650 ## - SUBJECT ADDED ENTRY--TOPICAL TERM
Topical Term CHEMISTRY FOR CLASS XI
Geographic subdivision INDIA
942 ## - ADDED ENTRY ELEMENTS (KOHA)
Koha item type Books
Holdings
Withdrawn status Lost status Collection code Home library Current library Shelving location Date acquired Source of acquisition Cost, normal purchase price Full call number Accession Number Koha item type
    Reference Main Library Main Library   17/07/2014 purchase 575.00 540 JAI/C 08899 Books